000 00648cab a2200205 4500
001 WB2828-01
008 090401t1992 xxu||||| |||| 00| 0 eng d
035 _a(Sirsi) u59617
041 _aeng
245 _aConflict talks
260 _c1992
350 _a0
490 _aBuilding
_v257(7754) 17 July 1992, 7(1)
520 _aThe Environment Minister has held private talks with senior construction figures to determine the future of a proposed Government study into conflict in the industry.
650 _aADVERSARIAL RELATIONSHIPS
650 _aCONSTRUCTION INDUSTRY
690 _aBUILT ENVIRONMENT
942 _n0
948 _c04/03/1997
999 _c36599
_d36599